Penilaian dan penyelewengan harta menurut pandangan Islam / (Record no. 1030)

000 -LEADER
fixed length control field nam a22 a 4500
003 - CONTROL NUMBER IDENTIFIER
control field AKMAL
005 - DATE AND TIME OF LATEST TRANSACTION
control field 20170508110430.0
008 - FIXED-LENGTH DATA ELEMENTS--GENERAL INFORMATION
fixed length control field 170508s1994 my 00 may d
020 ## - INTERNATIONAL STANDARD BOOK NUMBER
International Standard Book Number 9839601458 (kkt. ) :
Terms of availability RM 8.50
040 ## - CATALOGING SOURCE
Original cataloging agency AKMAL
082 04 - DEWEY DECIMAL CLASSIFICATION NUMBER
Classification number 297.19785 BAA
090 00 - LOCALLY ASSIGNED LC-TYPE CALL NUMBER (OCLC); LOCAL CALL NUMBER (RLIN)
Classification number (OCLC) (R) ; Classification number, CALL (RLIN) (NR) 297.19785
Local cutter number (OCLC) ; Book number/undivided call number, CALL (RLIN) BAA
095 00 - KP
item location KP
100 1# - MAIN ENTRY--PERSONAL NAME
Personal name Baadly, Mahmud Muhammad
9 (RLIN) 2151
245 10 - TITLE STATEMENT
Title Penilaian dan penyelewengan harta menurut pandangan Islam /
Statement of responsibility, etc. Mahmud Muhammad Baadly ; alih bahasa H.Abdul Hadi M.A.
260 ## - PUBLICATION, DISTRIBUTION, ETC.
Place of publication, distribution, etc. Kuala Lumpur :
Name of publisher, distributor, etc. Dinie Publisher,
Date of publication, distribution, etc. 1994
300 ## - PHYSICAL DESCRIPTION
Extent 224ms. :
Dimensions 21cm.
500 ## - GENERAL NOTE
General note Mengandungi ayat-ayat dari al-Quran
650 ## - SUBJECT ADDED ENTRY--TOPICAL TERM
Topical term or geographic name entry element Property
General subdivision Religious aspects
-- Islam
9 (RLIN) 2152
650 ## - SUBJECT ADDED ENTRY--TOPICAL TERM
Topical term or geographic name entry element Zakat
9 (RLIN) 2153
700 0# - ADDED ENTRY--PERSONAL NAME
Personal name H. Abdul Hadi M. A.
9 (RLIN) 2154
942 ## - ADDED ENTRY ELEMENTS (KOHA)
Source of classification or shelving scheme
Koha item type Book
Holdings
Withdrawn status Lost status Source of classification or shelving scheme Damaged status Not for loan Collection code Home library Current library Shelving location Date acquired Inventory number Total Checkouts Full call number Barcode Date last seen Price effective from Koha item type
          NON-FICTION AKMAL Melaka AKMAL Melaka PINJAMAN 08.05.2017 200757   297.19785 BAA 201701974 08.05.2017 08.05.2017 Book
Pusat Sumber Maklumat Dato' Haji Sarmin Md Hussin, Akademi Kastam Diraja Malaysia, Melaka
Tel: 06-2331106 | Faks: 06-2313787